书目信息 |
| 题名: |
长歌行
|
|
| 作者: | 夏达 编绘 | |
| 分册: | 10 | |
| 出版信息: | 广州 新世纪出版社 2012.05 |
|
| 页数: | ||
| 开本: | ||
| 丛书名: | ||
| 单 册: | ||
| 中图分类: | J228.2 | |
| 科图分类: | ||
| 主题词: | 绘画--中国 | |
| 电子资源: | ||
| ISBN: | 7-5405-9887-5 | |
| 000 | 00493nam0 2200181 450 | |
| 001 | 1839743615 | |
| 005 | 20180831110237.75 | |
| 010 | @a7-5405-9887-5@dCNY18.00 | |
| 100 | @a20180831d2012 km y0chiy0120 ea | |
| 101 | 0 | @achi |
| 102 | @aCN@b440000 | |
| 200 | 1 | @a长歌行@Achang ge xing@h10@f夏达编绘@Fxia da bian hui |
| 210 | @a广州@c新世纪出版社@d2012.05 | |
| 606 | 0 | @a绘画@x中国 |
| 690 | @aJ228.2@v4 | |
| 701 | 0 | @a夏达@Axia da@4编绘 |
| 801 | 0 | @aCN@bMUSE@c20180831 |
| 905 | @aMUSE@dJ228.2@eX172:10 | |
| 长歌行.10/夏达编绘.-广州:新世纪出版社,2012.05 |
| ISBN 7-5405-9887-5:CNY18.00 |
| ● |
| 相关链接 |
|
|
|
正题名:长歌行
索取号:J228.2/X172:10
 
预约/预借
| 序号 | 登录号 | 条形码 | 馆藏地/架位号 | 状态 | 备注 |
| 1 | 1234483 | 212344836 | 社科库309/309社科库 77排2列1层/ [索取号:J228.2/X172:10] | 在馆 |